Fallout Lore - Statistics

General Stats
  • This quiz has been taken 706 times
  • The average score is 7 of 15
Answer Stats
Hint Answer % Correct
Name of the 'super race' created by the Master Super mutants
84%
What is the cause of ghoulification Radiation
78%
Player's character in Fallout Vault Dweller
74%
Name of the son in Fallout 4 Shaun
72%
Year the Great War transpired 2077
71%
What does FEV stand for Forced Evolutionary Virus
61%
Brotherhood of Steel follower in New Vegas Veronica
54%
Ex-Enclave follower in New Vegas Arcade Gannon
44%
Leader of the Brotherhood of Steel in Fallout 3 Elder Lyons
44%
Length the Great War 2 hours
32%
Leader of the Enclave in Fallout 3 John Henry Eden
32%
Leader of the NCR in New Vegas President Kimball
32%
Ghoul that works at Moriaty's Gob
29%
Creator of the Brotherhood of Steel Roger Maxson
19%
Component the player is sent from the Vault to retrieve in Fallout Water filter
6%
No matching quizzes found
Score Distribution
Percent of People with Each Score
Percentile by Number Answered
Your Score History
You have not taken this quiz